000
00289nam a22001337a 4500
008
171011b xxu||||| |||| 00| 0 eng d
020
_a
2900205452230
041
_a
eng
080
_2
2ND
_a
316
100
_a
50
101
_a
SOC
245
_a
LIVING THEORY
_c
HURTST,CH.E
942
_2
udc
_c
BK
999
_c
33147
_d
33147